[Event "AUT-ch Seniors"]
[Site "Wirt im Feld"]
[Date "2015.09.16"]
[Round "4"]
[White "Braeuer, Konrad"]
[Black "Wegner, Peter"]
[Result "1/2-1/2"]
[WhiteElo "1778"]
[BlackElo "1654"]
[PlyCount "51"]
[EventDate "2015.09.13"]
[EventType "swiss"]
[EventRounds "7"]
[EventCountry "AUT"]
[SourceTitle "EXT 2016"]
[Source "ChessBase"]
[SourceDate "2015.10.08"]
[SourceVersion "1"]
[SourceVersionDate "2015.10.08"]
[SourceQuality "1"]

1. Nf3 Nf6 2. c4 g6 3. Nc3 c5 4. g3 Bg7 5. Bg2 0-0 6. 0-0 Nc6 7. e3 d6 8. Re1 a6 9. a3 Rb8 10. d4 cxd4 11. exd4 Qc7 12. Bg5 e6 13. Rc1 Qa5 14. Bd2 Qb6 15. Na4 Qd8 16. c5 Nd5 17. cxd6 Qxd6 18. Ne5 Nxe5 19. dxe5 Bxe5 20. Bh6 Rd8 21. Bg5 Re8 22. Rxe5 Qxe5 23. Bxd5 Qxd5 24. Qxd5 exd5 25. Bf4 Ra8 26. Nb6 1/2-1/2

[Event "Dortmund op-B"]
[Site "Dortmund"]
[Date "2009.07.07"]
[Round "4"]
[White "Wegner, Peter"]
[Black "Taube, Benedikt"]
[Result "1-0"]
[WhiteElo "1417"]
[BlackElo "1108"]
[PlyCount "131"]
[EventDate "2009.07.04"]
[EventType "swiss"]
[EventRounds "9"]
[EventCountry "GER"]
[SourceTitle "EXT 2012"]
[Source "ChessBase"]
[SourceDate "2011.11.24"]
[SourceVersion "1"]
[SourceVersionDate "2011.11.24"]
[SourceQuality "1"]

1. Nf3 Nc6 2. d4 d5 3. c4 dxc4 4. e3 Bg4 5. Bxc4 e6 6. a3 g6 7. h3 Bf5 8. Nc3 Nf6 9. 0-0 Bg7 10. Re1 Ne4 11. Bd2 0-0 12. Rc1 Qf6 13. Nxe4 Bxe4 14. Bc3 Bxf3 15. Qxf3 Qxf3 16. gxf3 Rad8 17. Red1 a6 18. Be1 Rd6 19. Rd3 Rfd8 20. Bc3 h5 21. f4 b5 22. Ba2 Kh7 23. Bb1 f5 24. Kf1 Kh6 25. Rcd1 Kh7 26. Ba2 Kg8 27. Ke2 R6d7 28. d5 Bxc3 29. bxc3 Ne7 30. dxe6 Rxd3 31. Rxd3 Rxd3 32. Kxd3 Kf8 33. h4 Nc6 34. Bd5 Nd8 35. Kd4 Ke7 36. Kc5 Ke8 37. f3 Ke7 38. e4 fxe4 39. fxe4 Ke8 40. f5 gxf5 41. exf5 Ke7 42. Bf3 Kf6 43. Bxh5 Kxf5 44. Kd5 Nxe6 45. Kc6 Ke4 46. Bg6+ Ke3 47. h5 Nf4 48. Kc5 Kd2 49. Kb4 Nxh5 50. Bxh5 c5+ 51. Kb3 a5 52. Kb2 b4 53. axb4 axb4 54. c4 Kd3 55. Kb3 Kd4 56. Bg6 Ke5 57. Ka4 Kd4 58. Kb5 b3 59. Bh7 b2 60. Bb1 Ke5 61. Kxc5 Ke6 62. Kc6 Ke7 63. Kc7 Ke6 64. c5 Ke7 65. c6 Ke8 66. Kb7 1-0